LEADER 01765nam a2200349 a 4500 001 000000140061 003 CaOOAMICUS 005 20141117103650.0 008 141016s2014 vc u000 u ita r 020 $a978-88-465-0942-0 040 $aPUL$bita 100 1 $aGiuliano, Luca.$0(OLS)http://pul/name/90321 245 14$aGli archivi civili italiani ed ecclesiastici nell'attuale ordinamento giuridico /$cLuca Giuliano. 260 $aCittą del Vaticano :$bLateran University Press,$c©2014. 300 $a367 p.$c21 cm 490 1 $aCorona Lateranensis ;$v61 500 $aIn testa al front: Pontificia Universitas Lateranensis. Facultas Utriusque Iuris. 502 $aTesi -- Pontificia Universitas Lateranensis. Facultas Utriusque Iuris. 2014. 504 $aBibliografia: p. [343]-362. 650 4$aDiritto canonico$xFonti.$0(OLS)http://pul/subject/1671 650 04$aArchivi ecclesiastici.$0(OLS)http://pul/subject/30489 710 2 $aPontificia Universitą Lateranense.$bFacoltą di diritto canonico.$kTesi.$0(OLS)http://pul/name/81682 830 0$aCorona Lateranensis ;$v61.$0(OLS)http://pul/title/684 850 $aPUL 852 $aPUL$W1$xSL Religione 2$y84$mTheol A5b 61$j161796$qStampati Altre Collocazioni$B161239$CPULBib$Z2$F161239 $H124790 $82 852 $aPUL$W1$xDP1 Tesi Pon Univ. Lateranense$y41$m2014 E 3$j162290$qTesi$B161791$CPULBib$Z2$F161791 $82 941 1 $a10 941 1 $a16 996 $6020$a978-88-465-0942-0$9(OLS)http://pul/number/156142 996 $6245$aGli archivi civili italiani ed ecclesiastici nell'attuale ordinamento giuridico$9(OLS)http://pul/title/177300 996 $6260$aCittą del Vaticano :$bLateran University Press$9(OLS)http://pul/publisher/74585 LEADER 01148nam a2200289 a 4500 001 000000173920 003 CaOOAMICUS 005 20201105160225.0 008 201105s2006 fr m 001 u fre r 020 $a978-2-227-47631-8* 032 $aLibriCat 040 $aPUL$bita 082 00$a297 100 1 $aCaspar, Robert.$0(OLS)http://pul/name/46380 245 10$aPour un regard chretien sur l'Islam / $cRobert Caspar. 260 $aParis :$bBayard,$c2006. 300 $a219 p. ;$c20 cm 504 $aBibliografia: p. 203-208. 650 4$aCristianesimo e altre religioni$xIslamismo.$0(OLS)http://pul/subject/1848 650 4$aIslamismo$xStudi.$0(OLS)http://pul/subject/7447 850 $aPUL 852 $aPUL$W1$xSL Religione 3$y85$m297. 6 CASRO 1$j198055$qDDC 21$B202737$CPULBib$Z2$F202737 $H134478 $82 996 $6020$a978-2-227-47631-8*$9(OLS)http://pul/number/167804 996 $6082$a297$9(OLS)http://pul/classification/742 996 $6245$aPour un regard chretien sur l'Islam / $9(OLS)http://pul/title/215140 996 $6260$aParis :$bBayard$9(OLS)http://pul/publisher/75674